|
|
|
|
| LEADER |
00768naa a2200181 i 4500 |
| 001 |
acta64057 |
| 005 |
20260224081030.0 |
| 008 |
191210s2009 hu o 000 hun d |
| 020 |
|
|
|a 978-963-482-967-6
|
| 040 |
|
|
|a SZTE Egyetemi Kiadványok Repozitórium
|b hun
|
| 041 |
|
|
|a hun
|
| 100 |
1 |
|
|a Maczelka Noémi
|
| 245 |
1 |
0 |
|a Rév Lívia művészete
|h [elektronikus dokumentum] /
|c Maczelka Noémi
|
| 260 |
|
|
|c 2009
|
| 300 |
|
|
|a 40-42
|
| 490 |
0 |
|
|a 80 év a zenei nevelés szolgálatában : tanulmánykötet az SZTE Juhász Gyula Pedagógusképző Kar Ének-zene Tanszék megalakulásának 80. évfordulójára
|
| 695 |
|
|
|a Rév Lívia, Zongoraművész - magyar - 20-21. sz. - életmű - életrajz
|
| 856 |
4 |
0 |
|u http://acta.bibl.u-szeged.hu/64057/1/80_ev_040-042.pdf
|z Dokumentum-elérés
|